|
|
|
|
| LEADER |
01363nam a2200325 a 4500 |
| 001 |
0017272 |
| 003 |
BD-DhAAL |
| 005 |
20250521110054.0 |
| 008 |
090722r20051993nyu 000 1 eng d |
| 010 |
|
|
|a 92054744
|
| 020 |
|
|
|a 0140230335 :
|c $30.00
|
| 020 |
|
|
|a 1857990889
|
| 020 |
|
|
|a 9781857990881
|
| 040 |
|
|
|a DLC
|c DLC
|d DLC
|d OCoLC
|d DLC
|d BD-DhAAL
|
| 082 |
0 |
0 |
|a 823
|2 23
|
| 100 |
1 |
|
|a Seth, Vikram,
|d 1952-
|9 46939
|
| 245 |
1 |
2 |
|a A suitable boy /
|c Vikram Seth.
|
| 260 |
|
|
|a New York, NY ;
|a New Delhi ;
|a London :
|b HarperCollins;
|b Penguin Books;
|b Phoenix,
|c c1993, 1999 [reprinted 2005].
|
| 300 |
|
|
|a 1349 pages ,
|a 1474 pages :
|c 25 cm.,
|c 20 cm.
|
| 526 |
|
|
|a ENH
|
| 541 |
1 |
|
|a Words N' Pages, Donated by Akbar Ali Khan
|e 00017272, 37898
|
| 650 |
|
|
|a English fiction
|9 46940
|
| 650 |
|
|
|a Indian literature
|9 46941
|
| 651 |
|
0 |
|a India
|x Fiction.
|9 46942
|
| 651 |
|
0 |
|a India
|x In literature.
|9 46943
|
| 852 |
4 |
|
|a Ayesha Abed Library
|c General Stacks
|
| 942 |
|
|
|2 ddc
|c BK
|
| 999 |
|
|
|c 2714
|d 2714
|
| 952 |
|
|
|0 0
|1 0
|2 ddc
|4 0
|6 823_SET_200500000000000
|7 0
|9 2493
|a BRACUL
|b BRACUL
|c GEN
|d 2009-07-23
|e Words N' Pages
|g 1295.00
|l 11
|m 105
|o 823 SET
|p 3010017272
|r 2026-01-29
|s 2025-08-19
|t 1
|w 2009-07-23
|y BK
|
| 952 |
|
|
|0 0
|1 0
|2 ddc
|4 0
|6 823_000000000000000_SET
|7 1
|9 70130
|a BRACUL
|b BRACUL
|c CS1
|d 2022-03-14
|e Donated by Akbar Ali Khan
|l 0
|o 823 SET
|p 3010037898
|r 2022-03-14
|t 2
|w 2022-03-14
|y BK
|